| 000 | 00513nam a2200169 4500 | ||
|---|---|---|---|
| 001 | 111381 | ||
| 003 | ES-MaACL | ||
| 007 | t| | ||
| 008 | 061121s1969 xxr r ||||1| fre d | ||
| 100 | 1 |
_aNekrasov, Boris. _985349 |
|
| 245 | 1 | 0 |
_aChimie minérale _b: généralités des études des éléments / _cB. Nekrassov; traduit par A. Eliner. |
| 250 | _a2e ed. rev. | ||
| 260 |
_aMoscóu : _bMir, _c1969. |
||
| 300 |
_a526 p. : _bil. ; _c22 cm. |
||
| 700 | 1 |
_aEliner, A. _946991 |
|
| 852 |
_aES-MaACL _jE-6299 _bR.90547 |
||
| 999 |
_c111381 _d111381 |
||